000 00550nam a2200193Ia 4500
005 20250508154803.0
008 008 250505s9999 xx 000 0 eng d
037 _aTextual
040 _aFEDL
_beng
_cFEDL
041 _aeng
_2eng
084 _a420, TUR
_qFEDL
100 _aTurner G W
_967780
245 0 _aEnglish language in Australia and New Zealand
260 _aLondon, UK
_bLongmans, Green and Co.
_c1966
300 _axi,236p
490 _aEnglish language series
942 _cTEXL
_h420, TUR
999 _c1352107
_d1352107